[Event "Madrid ch Sub-18 2010/2011"]
[Site "Madrid ESP"]
[Date "2010.12.26"]
[Round "1.1"]
[White "Suarez Uriel, Adrian"]
[Black "Morona Minguez, Irene"]
[Result "0-1"]
[WhiteElo "2215"]
[BlackElo "1876"]
[PlyCount "160"]
[EventDate "2010.12.26"]
[EventType "swiss"]
[EventRounds "7"]
[EventCountry "ESP"]
[Source "lmi"]
[SourceDate "2010.12.26"]

1. e4 c5 2. Ne2 e6 3. d4 cxd4 4. Nxd4 Nc6 5. Nc3 a6 6. Be2 Nf6 7. O-O Qc7 8.
Kh1 Nxd4 9. Qxd4 Bc5 10. Qd3 b5 11. f4 Bb7 12. Bf3 O-O 13. e5 Ne8 14. Ne4 Be7
15. Be3 Rd8 16. Rad1 d6 17. Qc3 Qxc3 18. Nxc3 Bxf3 19. Rxf3 Rc8 20. Rf2 dxe5
21. fxe5 Bc5 22. Bxc5 Rxc5 23. Re2 Nc7 24. a3 Rc8 25. Kg1 Nd5 26. Nxd5 Rxd5 27.
Rxd5 exd5 28. Rd2 Kf8 29. c3 Rc5 30. Rd4 Ke7 31. Rg4 g6 32. Rf4 Rc6 33. Rf3 a5
34. Kf2 Rc4 35. b3 Re4 36. Rf6 a4 37. Rb6 b4 38. bxa4 bxa3 39. Rb1 Rxa4 40. Ra1
a2 41. Ke3 Ke6 42. Kd3 Kxe5 43. Re1+ Kd6 44. Ra1 Kc5 45. h3 Ra3 46. Kc2 Kc4 47.
Kb2 Rxc3 48. Rxa2 Rg3 49. Kc1 f5 50. Re2 f4 51. Rf2 g5 52. Kd1 Ra3 53. Rb2 Ra1+
54. Ke2 d4 55. Rc2+ Kd5 56. Rc7 Ra2+ 57. Kf3 Ra3+ 58. Ke2 Re3+ 59. Kf2 h6 60.
Rd7+ Kc5 61. Rc7+ Kd6 62. Rc8 Kd7 63. Rc5 d3 64. h4 g4 65. Rc4 g3+ 66. Kf1 Ke7
67. Rd4 Ke6 68. h5 Kf5 69. Rd7 Kg5 70. Rd5+ Kg4 71. Rd4 Kxh5 72. Rd8 Kh4 73.
Rd4 Kg4 74. Rd8 h5 75. Rd7 h4 76. Rg7+ Kf5 77. Rd7 h3 78. Rd4 hxg2+ 79. Kxg2
Re2+ 80. Kf1 g2+ 0-1

[Event "Madrid ch Sub-18 2010/2011"]
[Site "Madrid ESP"]
[Date "2010.12.26"]
[Round "1.2"]
[White "Monge Gilgado, Eva Maria"]
[Black "Nieto De La Cruz, Julio"]
[Result "0-1"]
[WhiteElo "1812"]
[BlackElo "2135"]
[PlyCount "76"]
[EventDate "2010.12.26"]
[EventType "swiss"]
[EventRounds "7"]
[EventCountry "ESP"]
[Source "lmi"]
[SourceDate "2010.12.26"]

1. e4 c5 2. Nc3 Nc6 3. g3 g6 4. Bg2 Bg7 5. d3 e6 6. f4 Nge7 7. Nf3 O-O 8. O-O
Rb8 9. Be3 Nd4 10. Bf2 b5 11. e5 Nxf3+ 12. Bxf3 d6 13. exd6 Qxd6 14. Ne4 Qc7
15. Bxc5 Bxb2 16. Bd6 Qb6+ 17. Kh1 f5 18. Bxe7 fxe4 19. dxe4 Rf7 20. Rb1 Bd4
21. Ba3 e5 22. Bg2 Be6 23. Bb2 Rd8 24. Bxd4 Rxd4 25. Qf3 Bxa2 26. Ra1 Bc4 27.
Rfd1 Rfd7 28. fxe5 Qc5 29. Bh3 Rxd1+ 30. Rxd1 Rxd1+ 31. Qxd1 Qxe5 32. Bg2 Bf7
33. Qe1 Qb2 34. Qd1 a5 35. Kg1 a4 36. Qd8+ Kg7 37. Qe7 Qd4+ 38. Kf1 Qf6+ 0-1

[Event "Madrid ch Sub-18 2010/2011"]
[Site "Madrid ESP"]
[Date "2010.12.26"]
[Round "1.3"]
[White "Martin Duque, Jesus"]
[Black "Rios Rebollo, Victor"]
[Result "1-0"]
[WhiteElo "2115"]
[BlackElo "1803"]
[PlyCount "67"]
[EventDate "2010.12.26"]
[EventType "swiss"]
[EventRounds "7"]
[EventCountry "ESP"]
[Source "lmi"]
[SourceDate "2010.12.26"]

1. e4 e6 2. d4 d5 3. Nc3 Nf6 4. e5 Nfd7 5. Nf3 c5 6. dxc5 Bxc5 7. Bd3 Nc6 8.
Bf4 a6 9. Qe2 Qc7 10. O-O b5 11. Bg3 Bb7 12. Nxd5 Qd8 13. Nc3 Qb6 14. Ne4 Be7
15. Nd6+ Bxd6 16. exd6 O-O 17. Ng5 Nf6 18. c3 Rad8 19. Rad1 Rfe8 20. Bb1 h6 21.
Ne4 Nd5 22. Qh5 Rd7 23. Rxd5 exd5 24. Nf6+ gxf6 25. Qg4+ Kf8 26. Bf4 Rxd6 27.
Bxd6+ Ne7 28. Bf4 Ng8 29. Bh7 Bc8 30. Qxg8+ Ke7 31. Re1+ Be6 32. Qg7 Qd8 33.
Bf5 Rg8 34. Rxe6+ 1-0

[Event "Madrid ch Sub-18 2010/2011"]
[Site "Madrid ESP"]
[Date "2010.12.26"]
[Round "1.4"]
[White "Garcia-Ruiz Fuentes, Marcos"]
[Black "Collado Barbas, Laura"]
[Result "0-1"]
[WhiteElo "1757"]
[BlackElo "2040"]
[PlyCount "208"]
[EventDate "2010.12.26"]
[EventType "swiss"]
[EventRounds "7"]
[EventCountry "ESP"]
[Source "lmi"]
[SourceDate "2010.12.26"]

1. e4 e6 2. d4 d5 3. Nd2 Nc6 4. Ngf3 Nf6 5. e5 Nd7 6. c3 f6 7. Bb5 Be7 8. Qa4
Nb6 9. Bxc6+ bxc6 10. Qxc6+ Bd7 11. Qb7 a6 12. c4 dxc4 13. Qe4 f5 14. Qc2 Ba4
15. b3 cxb3 16. axb3 Bb5 17. Nc4 Nd5 18. Bd2 O-O 19. O-O Qe8 20. Rfc1 Qg6 21.
Ne3 Nf4 22. Kh1 Nd3 23. Qxc7 Nxc1 24. Rxc1 Ba3 25. Ra1 Rac8 26. Qb6 Rc6 27. Qb7
Bb2 28. Rb1 f4 29. Rxb2 fxe3 30. Bxe3 Rfc8 31. h3 R6c7 32. Qb6 Bc6 33. Ne1 Qe4
34. Qxa6 Bd5 35. Qd3 Qh4 36. Kh2 Rc3 37. Qe2 Bxb3 38. Qg4 Qxg4 39. hxg4 Bd5 40.
Nf3 Rf8 41. Kg3 Ra3 42. Rb6 h6 43. g5 hxg5 44. Nxg5 Re8 45. Nh3 Be4 46. Nf4 Bf5
47. Kh4 Kf7 48. Rb7+ Kg8 49. g4 Be4 50. Rb6 Kf7 51. Kg3 g6 52. Nh3 Bd5 53. Ng5+
Kg7 54. Nh3 Ra7 55. Nf4 Bc4 56. Rc6 Ra4 57. Rc7+ Kg8 58. Nxg6 Ba2 59. Nf4 Rf8
60. Nh5 Rf7 61. Nf6+ Kg7 62. Rc8 Rb7 63. Rg8+ Kf7 64. g5 Bb1 65. Rd8 Ke7 66.
Rh8 Kf7 67. Nh5 Ra3 68. Nf4 Re7 69. Kh4 Kg7 70. Rh6 Bf5 71. Nh5+ Kf7 72. Rf6+
Kg8 73. g6 Ra1 74. Ng3 Bd3 75. Bh6 Ra8 76. g7 Rf7 77. Nh5 Bh7 78. f4 Ra1 79.
Rxf7 Kxf7 80. Ng3 Kg6 81. Bg5 Kxg7 82. Kg4 Rd1 83. Ne2 Bd3 84. Kf3 Re1 85. Ng3
Bg6 86. Bf6+ Kf7 87. Bg5 Rd1 88. Kf2 Rxd4 89. Ke3 Rd3+ 90. Kf2 Ke8 91. Nf1 Kd7
92. Bh6 Kc6 93. Ng3 Kd5 94. Bg5 Rd2+ 95. Ke3 Rd3+ 96. Kf2 Be4 97. Bh6 Rf3+ 98.
Kg2 Rxf4+ 99. Nxe4 Rxe4 100. Kf3 Rxe5 101. Bg7 Rf5+ 102. Ke3 e5 103. Ke2 Ke4
104. Bf8 Rxf8 0-1

[Event "Madrid ch Sub-18 2010/2011"]
[Site "Madrid ESP"]
[Date "2010.12.26"]
[Round "1.5"]
[White "Madurga Lopez, Ignacio"]
[Black "Gomez Arce, David"]
[Result "1-0"]
[WhiteElo "1988"]
[BlackElo "1415"]
[PlyCount "57"]
[EventDate "2010.12.26"]
[EventType "swiss"]
[EventRounds "7"]
[EventCountry "ESP"]
[Source "lmi"]
[SourceDate "2010.12.26"]

1. e4 d5 2. exd5 Qxd5 3. Nc3 Qd6 4. d4 a6 5. Nf3 Nc6 6. d5 Ne5 7. Bf4 f6 8.
Nxe5 fxe5 9. Qh5+ Kd8 10. Bxe5 Qb6 11. Qf7 Nf6 12. O-O-O Qxf2 13. Rd2 Qe1+ 14.
Rd1 Qxe5 15. Bd3 Bf5 16. Rhe1 Qf4+ 17. Kb1 Bxd3 18. Rxd3 Qxh2 19. d6 cxd6 20.
Na4 Qh4 21. Rde3 Ng4 22. Re4 Ne5 23. Qd5 Qf2 24. Rxe5 Rc8 25. R5e2 Qh4 26. b3
Rc7 27. Nb6 Qf6 28. Re6 Qc3 29. Qxd6+ 1-0

[Event "Madrid ch Sub-18 2010/2011"]
[Site "Madrid ESP"]
[Date "2010.12.27"]
[Round "2.1"]
[White "Nieto De La Cruz, Julio"]
[Black "Madurga Lopez, Ignacio"]
[Result "0-1"]
[WhiteElo "2135"]
[BlackElo "1988"]
[PlyCount "90"]
[EventDate "2010.12.26"]
[EventType "swiss"]
[EventRounds "7"]
[EventCountry "ESP"]
[Source "lmi"]
[SourceDate "2010.12.26"]

1. d4 Nf6 2. c4 g6 3. Nf3 Bg7 4. g3 O-O 5. Bg2 d6 6. O-O Nbd7 7. Nc3 a6 8. e4
e5 9. d5 Nc5 10. Re1 a5 11. Rb1 c6 12. b3 cxd5 13. cxd5 Bd7 14. a3 a4 15. bxa4
Bxa4 16. Qe2 Qa5 17. Rb4 Bd7 18. Nd2 Na6 19. Nc4 Qc7 20. Rb6 Rfc8 21. Bf1 Ne8
22. Be3 Nc5 23. Reb1 Rcb8 24. Qb2 Ra7 25. Qb4 Na6 26. Qa5 Bf6 27. Rxd6 Qxa5 28.
Nxa5 Nxd6 29. Bxa7 Rc8 30. Nxb7 Rxc3 31. Nxd6 Rxa3 32. Rb7 Bg4 33. h3 Bf3 34.
Rxf7 Ra1 35. Rxf6 Be2 36. Re6 Nb4 37. Re8+ Kg7 38. Be3 Rxf1+ 39. Kg2 Nd3 40.
Re7+ Kg8 41. Re8+ Kg7 42. Re7+ Kg8 43. g4 Ne1+ 44. Kg3 Rg1+ 45. Kh4 Nf3# 0-1

[Event "Madrid ch Sub-18 2010/2011"]
[Site "Madrid ESP"]
[Date "2010.12.27"]
[Round "2.2"]
[White "Pablos Tenrero, Raquel"]
[Black "Martin Duque, Jesus"]
[Result "1/2-1/2"]
[WhiteElo "1936"]
[BlackElo "2115"]
[PlyCount "156"]
[EventDate "2010.12.26"]
[EventType "swiss"]
[EventRounds "7"]
[EventCountry "ESP"]
[Source "lmi"]
[SourceDate "2010.12.26"]

1. e4 c5 2. Nf3 e6 3. d4 cxd4 4. Nxd4 Nc6 5. Nc3 Qc7 6. Nb3 Nf6 7. g3 a6 8. Bg2
Be7 9. O-O O-O 10. a4 d6 11. Kh1 b6 12. f4 Bb7 13. g4 Nd7 14. Rf3 Rfe8 15. Rh3
Bf8 16. Be3 g6 17. Qe1 Bg7 18. g5 Nb4 19. Qd2 Rac8 20. Bg1 Qb8 21. Rf1 Qa8 22.
Re1 Red8 23. Qf2 Re8 24. Re2 b5 25. axb5 axb5 26. Qh4 Nf8 27. Nd4 Red8 28. Rd2
Na2 29. Nxa2 Qxa2 30. Nxb5 Qa5 31. Nc3 Bxc3 32. bxc3 Rxc3 33. Rxc3 Qxc3 34. Qf2
Rc8 35. Qd4 Qxd4 36. Bxd4 Nd7 37. Bg1 Rc6 38. e5 d5 39. Bd4 Rc4 40. Bf1 Rc8 41.
c3 Nc5 42. Rb2 Ba6 43. Bxa6 Nxa6 44. Rb5 Nb8 45. Kg2 Kf8 46. Kf2 Ke8 47. Ke3
Nc6 48. Bc5 Kd7 49. Rb7+ Rc7 50. Rb5 Nd8 51. Kd4 Rb7 52. Rxb7+ Nxb7 53. c4 Kc6
54. Bb4 dxc4 55. Kxc4 Kb6 56. Bd2 Nd8 57. Be3+ Kc6 58. Bd2 Nb7 59. Bb4 Kb6 60.
Bd2 Nd8 61. Be3+ Kc6 62. Bd2 Kd7 63. Kb5 Nc6 64. Be3 Ne7 65. Kc5 Nf5 66. Bf2 h6
67. h4 h5 68. Kb6 Ne7 69. Kc5 Nd5 70. Bg3 Ne3 71. Bf2 Ng2 72. Bg3 Ne3 73. Bf2
Ng4 74. Bg1 Kc7 75. Kb5 Kb7 76. Kc5 Kc7 77. Kb5 Kb7 78. Kc5 Kc7 1/2-1/2

[Event "Madrid ch Sub-18 2010/2011"]
[Site "Madrid ESP"]
[Date "2010.12.27"]
[Round "2.4"]
[White "Morona Minguez, Irene"]
[Black "Monge Gilgado, Eva Maria"]
[Result "1/2-1/2"]
[WhiteElo "1876"]
[BlackElo "1812"]
[PlyCount "170"]
[EventDate "2010.12.26"]
[EventType "swiss"]
[EventRounds "7"]
[EventCountry "ESP"]
[Source "lmi"]
[SourceDate "2010.12.26"]

1. e4 c5 2. Nf3 d6 3. d4 cxd4 4. Nxd4 Nc6 5. Bc4 Nf6 6. Nc3 e6 7. O-O Be7 8.
Kh1 O-O 9. f4 Nxe4 10. Nxc6 bxc6 11. Nxe4 d5 12. Bd3 dxe4 13. Bxe4 Qc7 14. Qf3
Bd7 15. Rd1 Rad8 16. Be3 f5 17. Bd3 Bf6 18. c3 Kh8 19. Bc5 Rfe8 20. Bc4 e5 21.
Bf7 e4 22. Qe3 Rf8 23. Bd6 Qb7 24. Bxf8 Rxf8 25. Bb3 Bc8 26. Rd2 Bd8 27. c4 Bf6
28. Rad1 Qe7 29. Ba4 c5 30. Qa3 Be6 31. Bb5 Qc7 32. Qa6 Qf7 33. Rd6 Bc8 34. Qa4
Bd4 35. Ba6 Be6 36. b4 h6 37. bxc5 Bxc5 38. Rd8 Kh7 39. Rxf8 Qxf8 40. Qc6 Bg8
41. Qd7 e3 42. Re1 Qf6 43. Bc8 Bxc4 44. Qxf5+ Qxf5 45. Bxf5+ g6 46. Bg4 Bb6 47.
Rd1 Kg7 48. Rd7+ Kf8 49. Rd6 h5 50. Bf3 Ke7 51. Rd1 Ba5 52. Rd4 Bf7 53. Re4+
Kf6 54. Rxe3 Bb6 55. Rc3 Bxa2 56. Rc6+ Kg7 57. Be4 Bf7 58. Rd6 Be3 59. g3 a5
60. Rd7 Kf6 61. Rd3 Bf2 62. Kg2 Be1 63. Bc6 Bb4 64. Ba4 Bc4 65. Rd4 Ba6 66. Kf3
Bb7+ 67. Ke2 Bc8 68. Kd3 Bf5+ 69. Kc4 Be6+ 70. Kb5 g5 71. Bd1 gxf4 72. Rxf4+
Kg5 73. Re4 Bd7+ 74. Kb6 Bg4 75. Bxg4 hxg4 76. Rf4 Bd2 77. Rf1 Bc3 78. Kb5 Bd2
79. Rd1 Bb4 80. Rd5+ Kf6 81. Rd4 Kf5 82. Rf4+ Kg5 83. Rxb4 axb4 84. Kxb4 Kf5
85. Kc5 Ke5 1/2-1/2

[Event "Madrid ch Sub-18 2010/2011"]
[Site "Madrid ESP"]
[Date "2010.12.27"]
[Round "2.5"]
[White "Garcia-Ruiz Fuentes, Marcos"]
[Black "Suarez Uriel, Adrian"]
[Result "0-1"]
[WhiteElo "1757"]
[BlackElo "2215"]
[PlyCount "20"]
[EventDate "2010.12.26"]
[EventType "swiss"]
[EventRounds "7"]
[EventCountry "ESP"]
[Source "lmi"]
[SourceDate "2010.12.26"]

1. e4 c5 2. Nf3 g6 3. d4 cxd4 4. Nxd4 Nc6 5. c4 Bg7 6. Be3 d6 7. Nc3 Nh6 8. h3
f5 9. Qd2 Nxd4 10. Bxd4 e5 0-1

[Event "Madrid ch Sub-18 2010/2011"]
[Site "Madrid ESP"]
[Date "2010.12.28"]
[Round "3.1"]
[White "Madurga Lopez, Ignacio"]
[Black "Collado Barbas, Laura"]
[Result "1-0"]
[WhiteElo "1988"]
[BlackElo "2040"]
[PlyCount "103"]
[EventDate "2010.12.26"]
[EventType "swiss"]
[EventRounds "7"]
[EventCountry "ESP"]
[Source "lmi"]
[SourceDate "2010.12.26"]

1. e4 e6 2. d4 d5 3. Nd2 Nc6 4. Ngf3 Nf6 5. e5 Nd7 6. Be2 f6 7. exf6 Qxf6 8.
Nf1 Bd6 9. Ne3 O-O 10. O-O Qg6 11. c3 Nf6 12. Re1 Ne4 13. Bd3 Bd7 14. Nf1 Ne7
15. c4 c6 16. Ng3 Bxg3 17. hxg3 Nf5 18. Bxe4 dxe4 19. Ne5 Qe8 20. Rxe4 c5 21.
d5 Kh8 22. Nxd7 Qxd7 23. Rxe6 Nd4 24. Re4 b6 25. Be3 Nf5 26. Qg4 Qf7 27. Rf4
Qf6 28. Rb1 Qe5 29. Qf3 Kg8 30. Qe4 Rae8 31. Qxe5 Rxe5 32. Bd2 Nd4 33. Rxf8+
Kxf8 34. Re1 Rxe1+ 35. Bxe1 g6 36. Kf1 Ke7 37. Bc3 Nf5 38. Be5 Kd7 39. g4 Nh6
40. f3 Nf7 41. Bf4 Nd8 42. Ke2 Nf7 43. Ke3 Nd8 44. Ke4 Nf7 45. b3 a6 46. a3 h6
47. b4 cxb4 48. axb4 g5 49. Bg3 a5 50. bxa5 bxa5 51. c5 a4 52. Kd4 1-0

[Event "Madrid ch Sub-18 2010/2011"]
[Site "Madrid ESP"]
[Date "2010.12.28"]
[Round "3.2"]
[White "Martin Duque, Jesus"]
[Black "Morona Minguez, Irene"]
[Result "0-1"]
[WhiteElo "2115"]
[BlackElo "1876"]
[PlyCount "96"]
[EventDate "2010.12.26"]
[EventType "swiss"]
[EventRounds "7"]
[EventCountry "ESP"]
[Source "lmi"]
[SourceDate "2010.12.26"]

1. e4 c5 2. Nf3 e6 3. d4 cxd4 4. Nxd4 Nc6 5. Nc3 a6 6. Be2 Qc7 7. O-O Nf6 8.
Be3 b5 9. Nxc6 dxc6 10. f4 Bb7 11. e5 Nd5 12. Nxd5 cxd5 13. Qd4 Rc8 14. c3 Bc5
15. Qxc5 Qxc5 16. Bxc5 Rxc5 17. a4 Kd7 18. axb5 axb5 19. Ra5 Kc6 20. Rc1 b4 21.
Raa1 bxc3 22. b4 Rc4 23. Bxc4 dxc4 24. b5+ Kc5 25. Rxc3 Rd8 26. Rc2 Be4 27. Rb2
c3 28. Rba2 c2 29. Re1 Rd2 30. Raa1 Rxg2+ 31. Kf1 Rxh2 32. Kg1 Rg2+ 33. Kf1 Bd5
34. Re2 Rxe2 35. Kxe2 Be4 36. Kd2 Kxb5 37. Ra7 Bg6 38. Rc7 h5 39. Rc8 Kb6 40.
Rg8 Kc6 41. Rd8 Kc7 42. Ra8 Bf5 43. Rh8 g6 44. Kc1 Kc6 45. Rd8 h4 46. Rh8 h3
47. Rd8 Kc5 48. Kd2 Bg4 0-1

[Event "Madrid ch Sub-18 2010/2011"]
[Site "Madrid ESP"]
[Date "2010.12.28"]
[Round "3.3"]
[White "Suarez Uriel, Adrian"]
[Black "Pablos Tenrero, Raquel"]
[Result "1/2-1/2"]
[WhiteElo "2215"]
[BlackElo "1936"]
[PlyCount "117"]
[EventDate "2010.12.26"]
[EventType "swiss"]
[EventRounds "7"]
[EventCountry "ESP"]
[Source "lmi"]
[SourceDate "2010.12.26"]

1. e4 e5 2. f4 Bc5 3. Nf3 d6 4. c3 Nc6 5. d4 exd4 6. cxd4 Bb6 7. Bb5 Bd7 8. Nc3
Nge7 9. O-O O-O 10. Kh1 Bg4 11. Be3 d5 12. Bxc6 bxc6 13. e5 Nf5 14. Bg1 Nh4 15.
Ne2 Nxf3 16. gxf3 Bh3 17. Re1 Ba5 18. Ng3 Bxe1 19. Qxe1 Qd7 20. Nh5 Bf5 21. Qh4
Bg6 22. Ng3 Rab8 23. b3 a5 24. Be3 a4 25. f5 Bxf5 26. Nh5 Qe6 27. Bg5 h6 28.
Be7 Bg6 29. Bxf8 Rxf8 30. Ng3 axb3 31. axb3 c5 32. Re1 Qb6 33. dxc5 Qxb3 34.
Qf4 Qc3 35. Rc1 Qa3 36. c6 d4 37. h4 d3 38. h5 Bh7 39. Rd1 Qb3 40. Rd2 Qe6 41.
Ne4 Rd8 42. Rg2 Bxe4 43. fxe4 Qh3+ 44. Kg1 Qe6 45. Qg3 g6 46. hxg6 fxg6 47. Qh4
Ra8 48. Qg3 Ra1+ 49. Kh2 g5 50. Rd2 Ra2 51. Qxd3 Qxe5+ 52. Kg1 Qc5+ 53. Qd4
Ra1+ 54. Kg2 Qxd4 55. Rxd4 Ra2+ 56. Kf3 Kf7 57. Rd7+ Ke6 58. Rxc7 Kd6 59. Rh7
1/2-1/2

[Event "Madrid ch Sub-18 2010/2011"]
[Site "Madrid ESP"]
[Date "2010.12.28"]
[Round "3.5"]
[White "Monge Gilgado, Eva Maria"]
[Black "Rios Rebollo, Victor"]
[Result "1-0"]
[WhiteElo "1812"]
[BlackElo "1803"]
[PlyCount "65"]
[EventDate "2010.12.26"]
[EventType "swiss"]
[EventRounds "7"]
[EventCountry "ESP"]
[Source "lmi"]
[SourceDate "2010.12.26"]

1. e4 e6 2. Qe2 c5 3. g3 Nc6 4. c3 b6 5. Bg2 Bb7 6. f4 g6 7. Nf3 Bg7 8. O-O
Nge7 9. d3 d5 10. e5 Qc7 11. Na3 a6 12. Be3 h5 13. Bf2 O-O 14. Ng5 Bh6 15. h4
Nf5 16. Nc2 Qe7 17. Rae1 b5 18. Ne3 Nxe3 19. Bxe3 c4 20. d4 b4 21. g4 hxg4 22.
Qxg4 Bxg5 23. fxg5 Kg7 24. h5 bxc3 25. bxc3 Qa3 26. hxg6 Kxg6 27. Rf6+ Kg7 28.
g6 fxg6 29. Bh6+ Kh8 30. Bxf8 Rxf8 31. Qxg6 Bc8 32. Rxf8+ Qxf8 33. Re3 1-0

[Event "Madrid ch Sub-18 2010/2011"]
[Site "Madrid ESP"]
[Date "2010.12.29"]
[Round "4.1"]
[White "Morona Minguez, Irene"]
[Black "Madurga Lopez, Ignacio"]
[Result "0-1"]
[WhiteElo "1876"]
[BlackElo "1988"]
[PlyCount "190"]
[EventDate "2010.12.26"]
[EventType "swiss"]
[EventRounds "7"]
[EventCountry "ESP"]
[Source "lmi"]
[SourceDate "2010.12.26"]

1. e4 c5 2. Nf3 d6 3. d4 cxd4 4. Nxd4 Nf6 5. Nc3 a6 6. f4 e5 7. Nf3 Nbd7 8. a4
Be7 9. Bd3 O-O 10. O-O Nc5 11. Kh1 exf4 12. Bxf4 Bg4 13. Be3 Rc8 14. Qd2 Nxd3
15. Qxd3 Be6 16. Nd5 Bxd5 17. exd5 Qc7 18. c3 Qc4 19. Qxc4 Rxc4 20. Rfd1 Re8
21. Nd2 Rg4 22. h3 Rg6 23. c4 Bd8 24. Re1 Ba5 25. Bf4 Rd8 26. Re7 Nh5 27. Nb3
Nxf4 28. Nxa5 b5 29. axb5 axb5 30. Nc6 Rf8 31. Rf1 Nh5 32. Kh2 bxc4 33. g4 Rf6
34. Rfe1 Nf4 35. g5 Rf5 36. Rf1 g6 37. Re4 Nxd5 38. Rxf5 gxf5 39. Rxc4 Kg7 40.
Rd4 Rc8 41. Rxd5 Rxc6 42. b4 Kg6 43. h4 Rb6 44. Kg3 f6 45. gxf6 Kxf6 46. Rd4
Ke5 47. Rc4 h5 48. Rc8 Rxb4 49. Rh8 Rb3+ 50. Kg2 Kf4 51. Rxh5 Rb2+ 52. Kf1 d5
53. Rh8 Kf3 54. Ke1 f4 55. h5 d4 56. h6 Ra2 57. h7 Rh2 58. Kd1 Kf2 59. Kd2 f3
60. Kd3 Rh4 61. Kd2 Rh3 62. Kd3 Rh4 63. Kd2 Rh3 64. Kd3 Rh6 65. Kxd4 Rd6+ 66.
Kc5 Rd7 67. Kc6 Rf7 68. Kc5 Re7 69. Kd6 Rb7 70. Kc6 Ra7 71. Kd6 Ra6+ 72. Kd5
Rh6 73. Kd4 Rh5 74. Kd3 Rh4 75. Kd2 Rd4+ 76. Kc3 Rd7 77. Kc2 Re7 78. Kd2 Rc7
79. Kd3 Ra7 80. Kc2 Rd7 81. Kc3 Re7 82. Kd2 Rf7 83. Kc2 Kf1 84. Kd2 f2 85. Kd1
Rg7 86. Kd2 Rf7 87. Kd1 Rg7 88. Kd2 Rd7+ 89. Kc2 Ra7 90. Kd2 Rf7 91. Kd1 Kg2
92. Rg8+ Kf3 93. h8=Q f1=Q+ 94. Kc2 Rc7+ 95. Kb3 Qb1+ 0-1

[Event "Madrid ch Sub-18 2010/2011"]
[Site "Madrid ESP"]
[Date "2010.12.29"]
[Round "4.2"]
[White "Nieto De La Cruz, Julio"]
[Black "Pablos Tenrero, Raquel"]
[Result "1-0"]
[WhiteElo "2135"]
[BlackElo "1936"]
[PlyCount "61"]
[EventDate "2010.12.26"]
[EventType "swiss"]
[EventRounds "7"]
[EventCountry "ESP"]
[Source "lmi"]
[SourceDate "2010.12.26"]

1. c4 Nf6 2. d4 e6 3. Nc3 Bb4 4. e3 c5 5. Bd3 O-O 6. Nge2 d5 7. a3 Bxc3+ 8.
Nxc3 cxd4 9. exd4 dxc4 10. Bxc4 Nc6 11. Be3 b6 12. O-O Bb7 13. Qd3 Qe7 14. Rad1
Rfd8 15. Ba2 Ng4 16. Qe2 Qh4 17. h3 Nf6 18. d5 exd5 19. Nxd5 Nxd5 20. Bxd5 Qe7
21. Qh5 g6 22. Qh6 Qf8 23. Qh4 Rd6 24. Bh6 Qd8 25. Bg5 Qd7 26. Bxf7+ Qxf7 27.
Rxd6 Re8 28. Rfd1 Ne5 29. Bf6 Bf3 30. R1d4 Nc6 31. Rd7 1-0

[Event "Madrid ch Sub-18 2010/2011"]
[Site "Madrid ESP"]
[Date "2010.12.29"]
[Round "4.3"]
[White "Collado Barbas, Laura"]
[Black "Martin Duque, Jesus"]
[Result "0-1"]
[WhiteElo "2040"]
[BlackElo "2115"]
[PlyCount "68"]
[EventDate "2010.12.26"]
[EventType "swiss"]
[EventRounds "7"]
[EventCountry "ESP"]
[Source "lmi"]
[SourceDate "2010.12.26"]

1. d4 Nf6 2. c4 e6 3. Nc3 Bb4 4. Qc2 O-O 5. a3 Bxc3+ 6. Qxc3 d5 7. Bg5 dxc4 8.
h4 b6 9. Qxc4 Ba6 10. Qa4 Qd7 11. Qd1 Ne4 12. Nf3 Nc6 13. Rc1 Qd5 14. b4 f6 15.
Be3 Bc4 16. Qc2 b5 17. h5 a5 18. h6 g6 19. Nh4 f5 20. f3 Ng3 21. Rh3 Nxf1 22.
Kxf1 axb4 23. g4 b3 24. Qb1 Rxa3 25. gxf5 exf5 26. Nxg6 hxg6 27. h7+ Kh8 28.
Bg5 Ra2 29. Re1 Rc2 30. Qa1 b2 31. Qa8 Nd8 32. Qa6 Qd6 33. Qa7 Nc6 34. Qb7 Rxe2
0-1

[Event "Madrid ch Sub-18 2010/2011"]
[Site "Madrid ESP"]
[Date "2010.12.29"]
[Round "4.4"]
[White "Monge Gilgado, Eva Maria"]
[Black "Suarez Uriel, Adrian"]
[Result "0-1"]
[WhiteElo "1812"]
[BlackElo "2215"]
[PlyCount "82"]
[EventDate "2010.12.26"]
[EventType "swiss"]
[EventRounds "7"]
[EventCountry "ESP"]
[Source "lmi"]
[SourceDate "2010.12.26"]

1. e4 g6 2. Nc3 Bg7 3. g3 d6 4. Bg2 e6 5. f4 Ne7 6. Nf3 O-O 7. O-O b6 8. e5 Bb7
9. d4 dxe5 10. fxe5 Nd7 11. Ne2 c5 12. c3 cxd4 13. cxd4 Rc8 14. Nc3 a6 15. Bf4
b5 16. Ng5 Bxg2 17. Kxg2 Nb6 18. Nge4 Nf5 19. Nd6 Nxd6 20. exd6 Rc4 21. Be5 f6
22. Bf4 g5 23. Be3 Qxd6 24. Qf3 Nd5 25. Nxd5 Qxd5 26. Qxd5 exd5 27. Rac1 Re8
28. Rxc4 dxc4 29. Bd2 Re2+ 30. Rf2 Rxf2+ 31. Kxf2 f5 32. Bc3 Kf7 33. b3 cxb3
34. axb3 g4 35. Ke3 Bh6+ 36. Kd3 Ke6 37. Ba5 Kd5 38. Bc7 Bg7 39. Bb6 Bf6 40.
Ke3 Bg5+ 41. Kd3 f4 0-1

[Event "Madrid ch Sub-18 2010/2011"]
[Site "Madrid ESP"]
[Date "2010.12.29"]
[Round "4.5"]
[White "Rios Rebollo, Victor"]
[Black "Garcia-Ruiz Fuentes, Marcos"]
[Result "1/2-1/2"]
[WhiteElo "1803"]
[BlackElo "1757"]
[PlyCount "114"]
[EventDate "2010.12.26"]
[EventType "swiss"]
[EventRounds "7"]
[EventCountry "ESP"]
[Source "lmi"]
[SourceDate "2010.12.26"]

1. d4 Nf6 2. c4 g6 3. Nc3 Bg7 4. e4 d6 5. f3 O-O 6. Be3 Nc6 7. Qd2 a6 8. Nge2
Rb8 9. Nc1 e5 10. d5 Nd4 11. N1e2 Nxe2 12. Bxe2 Nd7 13. O-O-O Nc5 14. g4 Bd7
15. h4 Na4 16. Kb1 Nxc3+ 17. Qxc3 b5 18. cxb5 Bxb5 19. Bxb5 Rxb5 20. Rc1 Qb8
21. Rc2 Rc8 22. h5 Qb7 23. Bc1 Rc5 24. Qd2 Rxc2 25. Qxc2 c6 26. hxg6 fxg6 27.
dxc6 Rxc6 28. Qd2 Qf7 29. Qe2 Bf8 30. Qh2 Rc7 31. Qe2 Rc6 32. Rd1 Qc4 33. Qxc4+
Rxc4 34. Rd3 h5 35. gxh5 gxh5 36. Bg5 Kf7 37. b3 Rc6 38. Kb2 Be7 39. Be3 Rc8
40. Rd2 h4 41. Rh2 Rh8 42. Kc3 h3 43. Bf2 Bg5 44. Bg3 Be3 45. Rh1 Ke6 46. b4 d5
47. exd5+ Kxd5 48. Kd3 Bd4 49. a3 Bb6 50. a4 Bd4 51. Rh2 Bg1 52. Rh1 h2 53. Ke2
Rh3 54. Bf2 Bxf2 55. Kxf2 Rh4 56. b5 axb5 57. axb5 Rb4 1/2-1/2

[Event "Madrid ch Sub-18 2010/2011"]
[Site "Madrid ESP"]
[Date "2010.12.30"]
[Round "5.1"]
[White "Madurga Lopez, Ignacio"]
[Black "Suarez Uriel, Adrian"]
[Result "0-1"]
[WhiteElo "1988"]
[BlackElo "2215"]
[PlyCount "66"]
[EventDate "2010.12.26"]
[EventType "swiss"]
[EventRounds "7"]
[EventCountry "ESP"]
[Source "lmi"]
[SourceDate "2010.12.26"]

1. e4 c5 2. Nf3 Nc6 3. d4 cxd4 4. Nxd4 g6 5. Nc3 Bg7 6. Be3 Nf6 7. Bc4 O-O 8.
Bb3 d6 9. f3 Bd7 10. Qd2 Nxd4 11. Bxd4 b5 12. h4 a5 13. a4 bxa4 14. Nxa4 Be6
15. Bb6 Qc8 16. Ra3 Bxb3 17. Rxb3 Qc6 18. Ra3 d5 19. exd5 Nxd5 20. Bd4 Bxd4 21.
Qxd4 Nb4 22. O-O Qxc2 23. Rf2 Qc1+ 24. Rf1 Qc6 25. Qc5 Qf6 26. Nb6 Qxb2 27.
Rfa1 Rad8 28. Nc4 Qc2 29. Rxa5 Nd3 30. Qb5 Qf2+ 31. Kh1 Qxh4+ 32. Kg1 Qf2+ 33.
Kh1 Rd4 0-1